00476nam a2200157Ia 4500008004000000082001600040100001200056245002400068260004300092300000800135650001500143690001500158906001000173999001700183952011800200210210b1970 xxu||||| |||| 00| 0 eng d a633.73 COFF aCOFFEE. aCOFFEE; guide book. aBangalore.bResearch Department,c1970 a119 aCoffee  aAgricultur a03130 c82504d82504 001240708BotanyaALbALcbotanyd2021-02-17g6.00l0o633.73 COFFp031305r2021-02-17 00:00:00w2021-02-17yBK